000 01167nam a2200337 i 4500
001 73419
003 ES-MaACL
005 20250826025923.0
007 t|
008 041011s2004 sp ||||1| spa d
020 _a84-8460-309-1
080 _a929 Sáenz de Santa María Tinturé, José Antonio
080 _a94(460)"1955/75"
080 _a32(460)"1975/82"
080 _a32(460)"1982/96"
100 1 _aDiego Carcedo.
_944555
245 1 0 _aSáenz de Santa María
_b: el general que cambió de bando /
_cDiego Carcedo ; documentación de Isabel Santos Peralta.
250 _a1ª ed.
260 _aMadrid :
_bTemas de Hoy,
_c2004.
300 _a463 p., [16] p. de lám. ;
_c24 cm.
490 1 _aBiografías
500 _aIndice.
600 1 4 _aSáenz de Santa María Tinturé, José Antonio,
_d1919-2003
_9133072
651 4 _aEspaña-
_xHistoria-
_y1955-1975.
_98337
651 4 _aEspaña-
_xPolítica y gobierno-
_y1975-1982.
_98447
651 4 _aEspaña-
_xPolítica y gobierno-
_y1982-1996.
_98449
700 1 _aSantos Peralta, Isabel.
_9103523
830 0 _aBiografías
_9180531
852 _aES-MaACL
_jL-28176
_bR.133625
999 _c73419
_d73419